University Home | Library Home | Institutional Repository

Essentials of Psychiatric assessment / (Record no. 216301)

MARC details
000 -LEADER
fixed length control field 00744nam a22002417a 4500
005 - DATE AND TIME OF LATEST TRANSACTION
control field 20260218130614.0
008 - FIXED-LENGTH DATA ELEMENTS--GENERAL INFORMATION
fixed length control field 260218b ||||| |||| 00| 0 eng d
020 ## - INTERNATIONAL STANDARD BOOK NUMBER
International Standard Book Number 9781138502369
040 ## - CATALOGING SOURCE
Original cataloging agency LC
Transcribing agency UNZA
Description conventions RDA
050 ## - LIBRARY OF CONGRESS CALL NUMBER
Classification number RC 541
Item number ELH 2018
100 ## - MAIN ENTRY--PERSONAL NAME
Personal name El-Hay, Mohamed Ahmed
Relator term author
245 ## - TITLE STATEMENT
Title Essentials of Psychiatric assessment /
Statement of responsibility, etc. Mohamed Ahmed Abd El-Hay.
260 ## - PUBLICATION, DISTRIBUTION, ETC.
Place of publication, distribution, etc. Abingdon, Oxon :
Name of publisher, distributor, etc. Routledge/Taylor and Francis Group,
Date of publication, distribution, etc. 2018.
300 ## - PHYSICAL DESCRIPTION
Extent viii, 256 pages :
Other physical details illustrations.
336 ## - CONTENT TYPE
CONTENT TYPE Text
337 ## - MEDIA TYPE
MEDIA TYPE Unmediated
338 ## - CARRIER TYPE
CARRIER TYPE Volume
504 ## - BIBLIOGRAPHY, ETC. NOTE
Bibliography, etc. note Includes bibliographical references and index.
650 ## - SUBJECT ADDED ENTRY--TOPICAL TERM
Topical term or geographic name entry element Schizophrenia.
650 ## - SUBJECT ADDED ENTRY--TOPICAL TERM
Topical term or geographic name entry element Psychoses.
650 ## - SUBJECT ADDED ENTRY--TOPICAL TERM
Topical term or geographic name entry element Mental illness
General subdivision Diagnosis.
999 ## -
-- 216301
-- 216301
942 ## - ADDED ENTRY ELEMENTS (KOHA)
Koha item type Book
Holdings
Withdrawn status Lost status Source of classification or shelving scheme Damaged status Not for loan Collection code Home library Current library Shelving location Date acquired Source of acquisition Total Checkouts Full call number Barcode Date last seen Copy number Cost, replacement price Price effective from Koha item type
    Library of Congress Classification     Non-fiction Medical Library Medical Library On Shelf 02/18/2026 Donation   RC 541 ELH 2018 33729000170865 02/18/2026 1 300.00 02/18/2026 Book
© 2026 - The University of Zambia Library - Koha v25.11